Loading...
| History - World History | 0 | 7 | 0 | 0 | 70 | 35 | 52.14 | 6 | 7 |
| History - American History | 0 | 5 | 0 | 1 | 50 | 41 | 64.80 | 2 | 4 |
| History - European History | 0 | 5 | 2 | 0 | 40 | 49 | 65.60 | 3 | 5 |
| History - Other History | 0 | 4 | 1 | 1 | 35 | 13 | 48.75 | 3 | 3 |
| Mythology | 0 | 3 | 0 | 0 | 30 | 38 | 71.33 | 2 | 3 |
| Fine Arts - Other Fine Arts | 0 | 2 | 0 | 1 | 20 | 120 | 124.50 | 0 | 0 |
| Geography/Current Events | 0 | 1 | 0 | 0 | 10 | 66 | 66.00 | 0 | 0 |
| Literature - European Literature | 0 | 1 | 0 | 0 | 10 | 105 | 105.00 | 0 | 1 |
| Pop Culture | 0 | 1 | 0 | 0 | 10 | 136 | 136.00 | 0 | 0 |
| Religion | 0 | 1 | 0 | 0 | 10 | 114 | 114.00 | 0 | 1 |
| Literature - British Literature | 0 | 0 | 1 | 0 | -5 | 0.00 | 0 | 0 | |
| Fine Arts - Visual Fine Arts | 0 | 0 | 1 | 0 | -5 | 0.00 | 0 | 0 |